00662cam a2200205 a 450000100100000000500170001000800410002702000150006804000300008304100380011308200180015110000280016924500780019726000400027530000210031553400380033665000260037465000300040070000260043000000286120200929150255.0960913s1998 sp 000 f spa  a950082003X aDO-SdBNPcDLCdOCoLCdDLC17aspaheng2código de idioma Marc a813.54bR813a1 aRosenberg, Nancy Taylor10aAbuso de poder /cNancy Taylor Rosenberg ; traducción, Antonio Bonanno. aBuenos Aires :bAtlántida,c1998. a302 p. ;c24 cm. aTítulo original: Abuse of power 4aNovela estadounidense 4aLiteratura estadounidense1 aBonanno, Antonioetr.